• 首页
  • 本馆介绍
  • 公告通知
  • 最新文献
  • 馆藏检索
  • 电子资源
  • 读者导购
  • 参考咨询
  • 我的图书馆
  • 登录
  • 详细信息显示
  • 放入我的书架
  • 预约/预借图书
  • 作者相关作品
  • 分类相关作品
  • 丛书相关作品
  • 出版社相关作品

书目信息

  • 表格格式
  • 工作单格式
  • 卡片格式
题名:
毒品、艾滋病防治研究
    
 
作者: 李聪 主编
分册:  
出版信息: 昆明   云南大学出版社  2010.06
页数: 337页
开本: 24cm
丛书名: 云南大学禁毒防艾研究丛书
单 册:
中图分类: D669.8 , R512.91
科图分类:
主题词: 禁毒--jin du--研究--中国 , 获得性免疫缺陷综合征--huo de xing mian yi que xian zong he zheng--防治--研究
电子资源:
ISBN: 978-7-5482-0246-2
000 01008nam 2200277 450
001 2346812066
005 20231125130025.98
010    @a978-7-5482-0246-2@dCNY58.00
100    @a20121130d2010 em y0chiy50 ea
101 0  @achi@aeng
102    @aCN@b530000
105    @aak a 000yy
200 1  @a毒品、艾滋病防治研究@Adu pin、ai zi bing fang zhi yan jiu@f李聪主编
210    @a昆明@c云南大学出版社@d2010.06
215    @a337页@c图@d24cm
225 2  @a云南大学禁毒防艾研究丛书@Ayun nan da xue jin du fang ai yan jiu cong shu
320    @a有书目
330    @a本书研究内容包括: 特定地区高危人群HIV流行传播、毒品与艾滋病流行传播、HRI标准品的研制、易制毒化学品查缉研究等。
410  0 @12001 @a云南大学禁毒防艾研究丛书
606 0  @a禁毒@Ajin du@x研究@y中国
606 0  @a获得性免疫缺陷综合征@Ahuo de xing mian yi que xian zong he zheng@x防治@x研究
690    @aD669.8@v5
690    @aR512.91@v5
701  0 @a李聪@Ali cong@c(禁毒)@4主编
801  0 @aCN@bRENTIAN@c20121130
905    @aBZT@dD669.8@e18
    
    毒品、艾滋病防治研究/李聪主编.-昆明:云南大学出版社,2010.06
    337页:图;24cm.-(云南大学禁毒防艾研究丛书)
    
    
    ISBN 978-7-5482-0246-2:CNY58.00
    本书研究内容包括: 特定地区高危人群HIV流行传播、毒品与艾滋病流行传播、HRI标准品的研制、易制毒化学品查缉研究等。
●
相关链接 在五车中查询图书 在当当中查询图书 在豆瓣中查询图书


正题名:毒品、艾滋病防治研究     索取号:D669.8/18         预约/预借

序号 登录号 条形码 馆藏地/架位号 状态 备注
1 2001083722   2001083722   东辅楼二楼书库/ [索取号:D669.8/18] 在馆    
2 2001083723   2001083723   东辅楼二楼书库/ [索取号:D669.8/18] 在馆    
3 2001083724   2001083724   东辅楼二楼书库/ [索取号:D669.8/18] 在馆    
4 2001083725   2001083725   东辅楼二楼书库/ [索取号:D669.8/18] 在馆    
5 2001083726   2001083726   东辅楼二楼书库/ [索取号:D669.8/18] 在馆    
6 2001083727   2001083727   东辅楼二楼书库/ [索取号:D669.8/18] 在馆    
7 2001083728   2001083728   东辅楼二楼书库/ [索取号:D669.8/18] 在馆    
8 2001083729   2001083729   东辅楼二楼书库/ [索取号:D669.8/18] 在馆    
9 2001083730   2001083730   东辅楼二楼书库/ [索取号:D669.8/18] 在馆    
10 2001083731   2001083731   东辅楼二楼书库/ [索取号:D669.8/18] 在馆    
11 2001083732   2001083732   东辅楼二楼书库/ [索取号:D669.8/18] 在馆    
12 2001083733   2001083733   东辅楼二楼书库/ [索取号:D669.8/18] 在馆    
13 2001083734   2001083734   东辅楼二楼书库/ [索取号:D669.8/18] 在馆    
14 2001083735   2001083735   东辅楼二楼书库/ [索取号:D669.8/18] 在馆    
15 2001083736   2001083736   东辅楼二楼书库/ [索取号:D669.8/18] 在馆    
16 2001083737   2001083737   东辅楼二楼书库/ [索取号:D669.8/18] 在馆    
17 2001083738   2001083738   东辅楼二楼书库/ [索取号:D669.8/18] 在馆    
18 2001083739   2001083739   东辅楼二楼书库/ [索取号:D669.8/18] 在馆    
19 2001083740   2001083740   东辅楼二楼书库/ [索取号:D669.8/18] 在馆    
20 2001083741   2001083741   东辅楼二楼书库/ [索取号:D669.8/18] 在馆    
21 2001083742   2001083742   东辅楼二楼书库/ [索取号:D669.8/18] 在馆    
22 2001083743   2001083743   东辅楼二楼书库/ [索取号:D669.8/18] 在馆    
23 2001083744   2001083744   东辅楼二楼书库/ [索取号:D669.8/18] 在馆    
24 2001083745   2001083745   东辅楼二楼书库/ [索取号:D669.8/18] 在馆    
25 2001083746   2001083746   东辅楼二楼书库/ [索取号:D669.8/18] 在馆    
26 2001083747   2001083747   东辅楼二楼书库/ [索取号:D669.8/18] 在馆    
27 2001083748   2001083748   东辅楼二楼书库/ [索取号:D669.8/18] 在馆    
28 2001083749   2001083749   东辅楼二楼书库/ [索取号:D669.8/18] 在馆    
29 2001083750   2001083750   东辅楼二楼书库/ [索取号:D669.8/18] 在馆    
30 2001083751   2001083751   东辅楼二楼书库/ [索取号:D669.8/18] 在馆    
山东省滨州职业学院图书馆 欢迎您!
大连网信软件有限公司© 版权所有